Técnicas para el análisis regional (Record no. 112987)
[ view plain ]
| 000 -LEADER | |
|---|---|
| fixed length control field | 01087nam a22002777a 4500 |
| 005 - DATE AND TIME OF LATEST TRANSACTION | |
| control field | 20240927150129.0 |
| 008 - FIXED-LENGTH DATA ELEMENTS--GENERAL INFORMATION | |
| fixed length control field | | mx ||||gr| || 00| 0 spa|d |
| 020 ## - INTERNATIONAL STANDARD BOOK NUMBER | |
| International Standard Book Number | 9786071702418 |
| 050 04 - LIBRARY OF CONGRESS CALL NUMBER | |
| Classification number | HB131 |
| Item number | R69 2009 |
| 100 1# - MAIN ENTRY--PERSONAL NAME | |
| Personal name | Rozga Luther, Ryszard |
| 240 ## - UNIFORM TITLE | |
| Uniform title | |
| 245 10 - TITLE STATEMENT | |
| Title | Técnicas para el análisis regional |
| Remainder of title | : desarrollo y aplicaciones |
| Statement of responsibility, etc | / Ryszard Rozga Luther, Armando García de León, Javier Delgadillo Macías ; Felipe Torres Torres (coordinador). |
| 250 ## - EDITION STATEMENT | |
| Edition statement | 1a ed. |
| 260 ## - PUBLICATION, DISTRIBUTION, ETC. (IMPRINT) | |
| Place of publication, distribution, etc | México : |
| Name of publisher, distributor, etc | Trillas, |
| Date of publication, distribution, etc | 2009 |
| 300 ## - PHYSICAL DESCRIPTION | |
| Extent | 248 p. : |
| Other physical details | il. ; |
| Dimensions | 23 cm. |
| 500 ## - GENERAL NOTE | |
| General note | En la pasta : Densidad de población. ¿Qué es la estadística? Crecimiento de la población. |
| 504 ## - BIBLIOGRAPHY, ETC. NOTE | |
| Bibliography, etc | Incluye bibliografías e índice |
| 650 #4 - SUBJECT ADDED ENTRY--TOPICAL TERM | |
| Topical term or geographic name as entry element | Economía |
| General subdivision | Metodología |
| 650 #4 - SUBJECT ADDED ENTRY--TOPICAL TERM | |
| Topical term or geographic name as entry element | Economía |
| General subdivision | Matemática |
| 650 #7 - SUBJECT ADDED ENTRY--TOPICAL TERM | |
| Source of heading or term | lemb |
| Topical term or geographic name as entry element | Ciencias Sociales |
| General subdivision | Metodología |
| 650 #7 - SUBJECT ADDED ENTRY--TOPICAL TERM | |
| Source of heading or term | lemb |
| Topical term or geographic name as entry element | Economía |
| General subdivision | Investigación |
| 700 1# - ADDED ENTRY--PERSONAL NAME | |
| Personal name | García de León, Armando |
| Relator term | autor |
| 700 1# - ADDED ENTRY--PERSONAL NAME | |
| Personal name | Delgadillo Macías, Javier |
| Relator term | autor |
| 700 1# - ADDED ENTRY--PERSONAL NAME | |
| Personal name | Torres Torres, Felipe |
| Relator term | coordinador |
| 942 ## - ADDED ENTRY ELEMENTS (KOHA) | |
| Source of classification or shelving scheme | Biblioteca del Cogreso de los Estados Unidos |
| Koha item type | Libro |
| Estado de pérdida | Fuente de clasificación | Estado del daño | No para préstamo | Ubicación permanente | Ubicación actual | Apartado o colección | Fecha de adquisición | Fuente de adquisición | Edición | Enumeración de Serie / Cronológica | Dependencia de educación superior (DES) | Área del conocimiento | Clasificación | Código de Barras | Date last seen | Número de copia | Costo por reposición | Tipo de recurso |
|---|---|---|---|---|---|---|---|---|---|---|---|---|---|---|---|---|---|---|
| Biblioteca del Cogreso de los Estados Unidos | Uso interno Biblioteca | Biblioteca de la Facultad de Economía | Biblioteca de la Facultad de Economía | General | 27/09/2024 | Posgrado Unidad Académica | 1a ed. | Ciencias Económico Administrativas | Ciencias Sociales y Administrativas | HB131 R69 r2010 | BFE000014510 | 09/02/2016 | 1 | 1.00 | Libro |